000 00849nam a2200265Ia 4500
003 OSt
005 20221005062314.0
006 a|||||r|||| 00| 0
007 ta
008 221004b |||||||| |||| 00| 0 eng d
020 _a9780415788694 (pbk)
_cUKP 31.99
024 _a36484
037 _bBBS/117, 30/01/2018, Better Book Service
_cTextual
040 _aCRL
_cCRL
_beng
041 _2eng
_aeng
082 _aS1:7:7, Q8
100 _aMeadows Sara Au.
_9601664
245 0 _aUnderstanding child development
_b psychologial perspective and applications
260 _aLondon
_bRoutledge UK
_c2018
300 _axii,342p.
_ccm.
650 _a CHILD PSYCHOLOGY
650 _aCHILD DEVELOPMENT
_9185814
942 _hS1:7:7, Q8
_cTEXL
_2cc
999 _c969488
_d969488